[Event "Høstturnering 2004"]
[Site "Ski, Akershus NOR"]
[Date "2004.11.04"]
[Round "5"]
[White "Furnes, Torstein"]
[Black "Hovland, Arne"]
[Result "1/2-1/2"]
[WhiteElo "1549"]
[BlackElo "1561"]
[PlyCount "96"]
[EventDate "2004.09.02"]

1. d4 f5 2. c4 Nf6 3. Nc3 g6 4. Bg5 Bg7 5. Bxf6 Bxf6 6. e4 d6 7. Nf3 Nc6 8. Be2
O-O 9. O-O fxe4 10. Nxe4 Bf5 11. Nxf6+ Rxf6 12. d5 Ne5 13. Nxe5 dxe5 14. Qb3 g5
15. Qe3 Qd6 16. Qxg5+ Kh8 17. Qe3 b6 18. Bd3 Bxd3 19. Qxd3 Rh6 20. Qe4 Rf8 21.
Rae1 Rh5 22. Re3 Rf4 23. Qd3 Qf6 24. Qe2 Rfh4 25. h3 Rg5 26. Rg3 Qg7 27. Rxg5
Qxg5 28. Kh1 Kg7 29. b3 Qf5 30. Kh2 e4 31. Re1 Rf4 32. Kg1 h5 33. g3 Qg6 34.
Kh2 Rf3 35. Kg2 Rf4 36. Kf1 Qxg3 37. Qe3 Rf3 38. Qd4+ Kf7 39. Rxe4 Qxh3+ 40.
Ke2 Rf6 41. Rf4 c5 42. Rxf6+ exf6 43. Qe4 f5 44. Qe6+ Kf8 45. Qf6+ Kg8 46. Qd8+
Kf7 47. Qc7+ Kf6 48. Qd6+ Kf7 1/2-1/2

[Event "Høstturnering 2004"]
[Site "Ski, Akershus NOR"]
[Date "2004.10.14"]
[Round "6"]
[White "Weberg, Øivind"]
[Black "Furnes, Torstein"]
[Result "1-0"]
[WhiteElo "1561"]
[BlackElo "1549"]
[PlyCount "55"]
[EventDate "2004.09.02"]

1. e4 c5 2. Nf3 Nc6 3. d4 cxd4 4. Nxd4 e5 5. Nb5 d6 6. Bg5 f6 7. Be3 a6 8. N5c3
Be6 9. Nd5 Bxd5 10. Qxd5 Nge7 11. Qe6 Qd7 12. Qxd7+ Kxd7 13. Be2 Nb4 14. Na3
Rc8 15. c3 Nbc6 16. O-O-O b5 17. Bg4+ Kc7 18. Bxc8 Nxc8 19. Nc2 Be7 20. Kb1 Nb6
21. Bxb6+ Kxb6 22. Rd3 a5 23. Ne3 Kc5 24. Rd5+ Kb6 25. Nf5 Rd8 26. Rhd1 Bf8 27.
Nxd6 b4 28. Nc4+ 1-0

[Event "Høstturnering 2004"]
[Site "Ski, Akershus NOR"]
[Date "2004.10.21"]
[Round "6"]
[White "Johansen, Trond Arne"]
[Black "Lea, Per"]
[Result "1-0"]
[WhiteElo "1750"]
[BlackElo "1632"]
[PlyCount "89"]
[EventDate "2004.09.02"]

1. d4 Nf6 2. Nf3 d5 3. e3 e6 4. Bd3 c5 5. c3 Be7 6. Nbd2 Nc6 7. O-O O-O 8. dxc5
Bxc5 9. e4 dxe4 10. Nxe4 Nxe4 11. Bxe4 Qxd1 12. Rxd1 Rd8 13. Rxd8+ Nxd8 14. Bf4
Bd7 15. Rd1 Be8 16. Bc7 Nc6 17. b4 Rc8 18. Bxc6 bxc6 19. Bd6 Bxd6 20. Rxd6 Kf8
21. c4 Rb8 22. a3 a5 23. Kf1 axb4 24. axb4 Rxb4 25. Nd2 Ke7 26. Rd3 e5 27. Ke2
Bd7 28. Ke3 Be6 29. Rc3 f5 30. f4 exf4+ 31. Kxf4 Kf6 32. Ke3 Ke5 33. g3 g5 34.
Nf3+ Kd6 35. c5+ Kd5 36. Nxg5 h6 37. Rd3+ Ke5 38. Nf3+ Kf6 39. Rd6 Rb3+ 40. Kf4
Ke7 41. Rxe6+ Kxe6 42. Nd4+ Kd5 43. Nxb3 Kc4 44. Na5+ Kxc5 45. Nxc6 1-0

[Event "Høstturnering 2004"]
[Site "Ski, Akershus NOR"]
[Date "2004.10.28"]
[Round "7"]
[White "Lea, Per"]
[Black "Thowsen, Alf Geir"]
[Result "1-0"]
[WhiteElo "1632"]
[BlackElo "1191"]
[PlyCount "89"]
[EventDate "2004.09.02"]

1. e4 c6 2. d4 d5 3. Nc3 dxe4 4. Nxe4 Bf5 5. Ng3 Bg6 6. Nf3 h6 7. h4 e6 8. h5
Bh7 9. Bd3 Bxd3 10. Qxd3 Nf6 11. Bd2 Bd6 12. Ne4 Nxe4 13. Qxe4 Nd7 14. O-O-O
Nf6 15. Qe2 Qb6 16. c4 Qa6 17. Kb1 Nd5 18. Rh4 O-O-O 19. Rg4 Rhg8 20. Re4 Nf6
21. Rh4 Be7 22. Ne5 Nd7 23. Rh3 Nxe5 24. dxe5 Rd4 25. Rc1 Rgd8 26. Be3 R4d5 27.
f4 Bc5 28. Bxc5 Rxc5 29. Rd3 Rxd3 30. Qxd3 Rd5 31. Qh7 Rd2 32. Qg8+ Kc7 33.
Qxf7+ Kb6 34. Qxe6 Qa4 35. c5+ Kb5 36. Qb3+ Qxb3 37. axb3 Re2 38. Rd1 Kxc5 39.
Rd7 Rxg2 40. e6 Re2 41. f5 Re5 42. e7 Kb6 43. b4 c5 44. Rd6+ Kc7 45. Re6 1-0

[Event "Høstturnering 2004"]
[Site "Ski, Akershus NOR"]
[Date "2004.10.28"]
[Round "7"]
[White "Furnes, Torstein"]
[Black "Olsen, Trygve"]
[Result "1-0"]
[WhiteElo "1549"]
[BlackElo "1284"]
[PlyCount "97"]
[EventDate "2004.09.02"]

1. d4 c6 2. c4 d6 3. e4 g6 4. Nf3 Bg7 5. Be2 Nd7 6. O-O c5 7. d5 Qb6 8. Nc3
Ngf6 9. Rb1 a5 10. Qc2 Ng4 11. h3 h5 12. hxg4 hxg4 13. Nh2 Ne5 14. f4 g3 15.
Nf3 Ng4 16. Bd2 Nf2 17. Rxf2 gxf2+ 18. Kxf2 Bd4+ 19. Nxd4 cxd4 20. Na4 Qa7 21.
c5 Bd7 22. Nb6 O-O 23. Nxd7 Rfc8 24. b4 Rc7 25. Bb5 axb4 26. Bxb4 Qxa2 27. Rb2
Qa1 28. Qd2 Qh1 29. Ra2 Qh4+ 30. Kg1 Rd8 31. Ba5 Rdxd7 32. Bxd7 Rxd7 33. cxd6
Rxd6 34. Bc7 Ra6 35. Rxa6 bxa6 36. Qf2 Qf6 37. Be5 Qb6 38. Qxd4 Qb1+ 39. Kh2
Qb7 40. Qb2 Qxb2 41. Bxb2 a5 42. Kg3 f6 43. Kf3 f5 44. e5 Kf7 45. Ke3 Ke8 46.
Kd4 Kd7 47. Kc5 Kc7 48. Kb5 e6 49. dxe6 1-0

[Event "Høstturnering 2004"]
[Site "Ski, Akershus NOR"]
[Date "2004.11.04"]
[Round "8"]
[White "Weberg, Øivind"]
[Black "Lea, Per"]
[Result "1/2-1/2"]
[WhiteElo "1561"]
[BlackElo "1632"]
[PlyCount "62"]
[EventDate "2004.09.02"]

1. f4 e5 2. fxe5 d6 3. Nf3 dxe5 4. Nxe5 Bd6 5. Nf3 g5 6. d3 g4 7. Ng5 h6 8. Ne4
Be5 9. e3 f5 10. d4 Bxd4 11. Qxd4 Qxd4 12. exd4 fxe4 13. Bc4 Nc6 14. Be3 Bd7
15. Nc3 O-O-O 16. O-O Nge7 17. Nxe4 Nf5 18. Bf4 Ncxd4 19. Bd3 Bc6 20. Rae1 Rde8
21. c3 Bb5 22. Bxb5 Nxb5 23. Bxc7 Kxc7 24. Rxf5 Nd6 25. Rf4 h5 26. Kf2 Rhf8 27.
Rxf8 Rxf8+ 28. Kg3 Re8 29. Kf4 Rf8+ 30. Kg3 Re8 31. Kf4 Rf8+ 1/2-1/2

[Event "Høstturnering 2004"]
[Site "Ski, Akershus NOR"]
[Date "2004.11.11"]
[Round "8"]
[White "Thowsen, Alf Geir"]
[Black "Furnes, Torstein"]
[Result "0-1"]
[WhiteElo "1191"]
[BlackElo "1549"]
[PlyCount "102"]
[EventDate "2004.09.02"]

1. g3 d5 2. Bg2 Nf6 3. d4 e6 4. Nf3 Be7 5. O-O O-O 6. Nbd2 Nbd7 7. c4 b6 8.
cxd5 exd5 9. b3 Re8 10. Bb2 Nf8 11. Ne5 Bd6 12. Ndf3 Bb7 13. e3 Ng6 14. Nxg6
hxg6 15. Rc1 Ne4 16. Nd2 Nxd2 17. Qxd2 f5 18. Qd3 Qf6 19. f4 Qe6 20. Rce1 a5
21. Qd2 Kf7 22. Rf2 Re7 23. Bf1 Ba6 24. Bxa6 Rxa6 25. Qd3 Ra8 26. Rfe2 Rae8 27.
Kg2 Qe4+ 28. Qxe4 Rxe4 29. Kf3 Kf6 30. h4 Ke7 31. Rc1 Kd7 32. Rg1 Ke6 33. g4
Kf6 34. g5+ Kf7 35. Rh1 Bxf4 36. Bc1 Bd6 37. h5 gxh5 38. Rxh5 Kg6 39. Rh1 Kxg5
40. Rg2+ Kf6 41. Rhg1 Rg4 42. Rxg4 fxg4+ 43. Rxg4 g5 44. Bd2 Kf5 45. Rg1 Re4
46. Ke2 Rh4 47. Be1 Rh2+ 48. Bf2 g4 49. Kf1 Rh3 50. a4 g3 51. Be1 Ke4 0-1

[Event "Høstturnering 2004"]
[Site "Ski, Akershus NOR"]
[Date "2004.11.18"]
[Round "9"]
[White "Lea, Per"]
[Black "Samset, Jon"]
[Result "1-0"]
[WhiteElo "1632"]
[BlackElo "1136"]
[PlyCount "49"]
[EventDate "2004.09.02"]

1. e4 e5 2. Nf3 d6 3. d4 exd4 4. Qxd4 Nf6 5. Bg5 Be7 6. Nc3 O-O 7. O-O-O Nc6 8.
Qd2 Be6 9. h3 a5 10. g4 a4 11. a3 Qd7 12. Nh2 Na7 13. f4 Qe8 14. f5 Bd7 15. e5
Bc6 16. exf6 Bxf6 17. Rg1 Be5 18. Bc4 b5 19. Bd5 Bxd5 20. Nxd5 Qd7 21. Nf3 f6
22. Nxe5 fxe5 23. f6 Qf7 24. fxg7 Qxg7 25. Bh6 1-0

[Event "Høstturnering 2004"]
[Site "Ski, Akershus NOR"]
[Date "2004.11.18"]
[Round "9"]
[White "Furnes, Torstein"]
[Black "Lystad, Frank"]
[Result "1/2-1/2"]
[WhiteElo "1549"]
[BlackElo "1396"]
[PlyCount "80"]
[EventDate "2004.09.02"]

1. d4 d5 2. c4 e6 3. Nc3 Nf6 4. Bg5 Be7 5. e3 O-O 6. Nf3 Nc6 7. Be2 b6 8. O-O
Bb7 9. Rc1 Rc8 10. Re1 Na5 11. cxd5 Nxd5 12. Bxe7 Qxe7 13. a3 Nf6 14. b4 Nc6
15. Bd3 a6 16. Bb1 Rfd8 17. Qc2 g6 18. Qe2 e5 19. dxe5 Nxe5 20. Nxe5 Qxe5 21.
f4 Qh5 22. Qxh5 Nxh5 23. Ne4 Kg7 24. g4 Nf6 25. Nxf6 Kxf6 26. g5+ Kg7 27. Red1
c6 28. Kf2 Rxd1 29. Rxd1 Rc7 30. Rd6 Kf8 31. e4 Ke7 32. e5 Rd7 33. Rxd7+ Kxd7
34. Ke3 c5 35. bxc5 bxc5 36. Ba2 Ke7 37. Kd3 Bc8 38. Bd5 Be6 39. Bb7 a5 40. Bc6
Ba2 1/2-1/2

[Event "Klubbmesterskap 2004"]
[Site "Ski, Akershus NOR"]
[Date "2004.01.29"]
[Round "1"]
[White "Weberg, Øivind"]
[Black "Furnes, Torstein"]
[Result "1/2-1/2"]
[WhiteElo "1557"]
[BlackElo "1539"]
[PlyCount "85"]
[EventDate "2004.01.29"]

1. e4 c5 2. Nf3 Nc6 3. d4 cxd4 4. Nxd4 e5 5. Nb5 d6 6. c4 Nf6 7. N1c3 a6 8. Na3
Be7 9. Be2 O-O 10. Be3 Be6 11. O-O Rc8 12. Qd2 Ng4 13. Bxg4 Bxg4 14. f3 Be6 15.
Rad1 f5 16. Nd5 Bxd5 17. Qxd5+ Kh8 18. Nc2 f4 19. Bf2 Rf6 20. b4 Rg6 21. Rd2
Qd7 22. Kh1 h5 23. a4 Rh6 24. b5 axb5 25. cxb5 Na5 26. Na3 Rc3 27. Rd3 Qc8 28.
Rfd1 g5 29. Be1 Rc5 30. Qa2 b6 31. Bxa5 bxa5 32. Qd2 Qc7 33. Qa2 Kg7 34. R3d2
g4 35. Rc2 Rxc2 36. Qxc2 Qxc2 37. Nxc2 Rh8 38. b6 Rb8 39. Rb1 Rb7 40. Rb5 Bd8
41. Rxa5 Rxb6 42. Rb5 Rc6 43. Rb2 1/2-1/2

[Event "Klubbmesterskap 2004"]
[Site "Ski, Akershus NOR"]
[Date "2004.04.22"]
[Round "1"]
[White "Lea, Per"]
[Black "Moberg, Jan Rune"]
[Result "1-0"]
[WhiteElo "1640"]
[BlackElo "1583"]
[PlyCount "41"]
[EventDate "2004.01.29"]

1. e4 d5 2. exd5 Qxd5 3. Nc3 Qa5 4. d4 Nf6 5. Bd2 c6 6. Bc4 Qd8 7. Nf3 Bg4 8.
Bxf7+ (8. Ne5 $1 Be6 9. Bxe6 fxe6 10. Nf3 $18) 8... Kxf7 9. Ne5+ Ke8 10. Nxg4
Qxd4 11. Nxf6+ exf6 12. Qe2+ Kf7 13. O-O-O Qe5 14. Ne4 Be7 15. Rhe1 Rd8 16.
Ng5+ Kg6 17. Qg4 h5 18. Rxe5 hxg4 19. Rxe7 fxg5 20. Rxb7 Nd7 21. Bxg5 1-0

[Event "Klubbmesterskap 2004"]
[Site "Ski, Akershus NOR"]
[Date "2004.02.05"]
[Round "2"]
[White "Furnes, Torstein"]
[Black "Lea, Per"]
[Result "1/2-1/2"]
[WhiteElo "1539"]
[BlackElo "1640"]
[PlyCount "69"]
[EventDate "2004.01.29"]

1. d4 Nf6 2. c4 g6 3. Nc3 Bg7 4. e4 d6 5. f4 c5 6. Nf3 O-O 7. Be2 cxd4 8. Nxd4
Nc6 9. Be3 Qb6 10. Nxc6 Qxc6 11. Qd3 Bg4 12. Bxg4 Nxg4 13. Bd2 Rac8 14. b3 Qc5
15. Qe2 Bxc3 16. Bxc3 Ne3 17. Kd2 d5 18. Qxe3 d4 19. Bxd4 Rfd8 20. Kc3 Qa5+ 21.
Kb2 Rxd4 22. Qxd4 Rd8 23. Qe3 Rd2+ 24. Kb1 Rxg2 25. Qe1 Qc5 26. Qc3 Qf2 27. Rd1
f6 28. e5 fxe5 29. fxe5 Qf5+ 30. Qd3 Qf2 31. Qd8+ Kg7 32. Rd2 Qxd2 33. Qxe7+
Kh6 34. Qh4+ Kg7 35. Qe7+ 1/2-1/2

[Event "Klubbmesterskap 2004"]
[Site "Ski, Akershus NOR"]
[Date "2004.02.12"]
[Round "3"]
[White "Lea, Per"]
[Black "Lystad, Frank"]
[Result "1-0"]
[WhiteElo "1640"]
[BlackElo "1376"]
[PlyCount "25"]
[EventDate "2004.01.29"]

1. e4 e6 2. d4 d5 3. Nc3 c5 4. exd5 cxd4 5. Qxd4 exd5 6. Qxd5 Qxd5 7. Nxd5 Be6
8. Nc7+ Kd7 9. Nxa8 Bd6 10. Be3 Nc6 11. O-O-O Nge7 12. Bc5 Nf5 13. g4 1-0

[Event "Klubbmesterskap 2004"]
[Site "Ski, Akershus NOR"]
[Date "2004.02.12"]
[Round "3"]
[White "Lange, Holger"]
[Black "Furnes, Torstein"]
[Result "1-0"]
[WhiteElo "1884"]
[BlackElo "1539"]
[PlyCount "61"]
[EventDate "2004.01.29"]

1. d4 d5 2. c4 e6 3. Nc3 Nf6 4. Bg5 Be7 5. Nf3 O-O 6. e3 Nbd7 7. Be2 dxc4 8.
Bxc4 c5 9. O-O cxd4 10. Nxd4 Ne5 11. Bb3 b6 12. Bf4 Ng6 13. Nc6 Qxd1 14. Nxe7+
Nxe7 15. Rfxd1 Ng6 16. Bd6 Rd8 17. Nb5 Bb7 18. Nc7 Rac8 19. Nxe6 fxe6 20. Bxe6+
Kh8 21. Bxc8 Rxc8 22. Rac1 Rxc1 23. Rxc1 Ne4 24. Bb8 a6 25. Rc7 Bd5 26. Rc8+
Bg8 27. Bc7 b5 28. Ra8 Nc5 29. Bb6 Na4 30. Bd4 Ne7 31. b3 1-0

[Event "Klubbmesterskap 2004"]
[Site "Ski, Akershus NOR"]
[Date "2004.03.04"]
[Round "4"]
[White "Weberg, Øivind"]
[Black "Lea, Per"]
[Result "1/2-1/2"]
[WhiteElo "1557"]
[BlackElo "1640"]
[PlyCount "56"]
[EventDate "2004.01.29"]

1. e4 e5 2. Nf3 Nc6 3. Bb5 a6 4. Ba4 Nf6 5. Qe2 Be7 6. c3 b5 7. Bc2 O-O 8. O-O
Bb7 9. d3 Re8 10. Nbd2 Bf8 11. Rd1 d5 12. Nf1 g6 13. Bg5 Bg7 14. Ne3 dxe4 15.
dxe4 Qc8 16. Rd2 Nd7 17. Nd5 f6 18. Be3 Ne7 19. Nxe7+ Rxe7 20. Rad1 Qe8 21. Ne1
c5 22. Rd6 Rc8 23. Qd2 Nf8 24. Rd8 Rxd8 25. Qxd8 Qxd8 26. Rxd8 Rd7 27. Rxd7
Nxd7 28. f3 Bf8 1/2-1/2

[Event "Klubbmesterskap 2004"]
[Site "Ski, Akershus NOR"]
[Date "2004.03.04"]
[Round "4"]
[White "Furnes, Torstein"]
[Black "Hovland, Arne"]
[Result "1/2-1/2"]
[WhiteElo "1539"]
[BlackElo "1562"]
[PlyCount "76"]
[EventDate "2004.01.29"]

1. d4 f5 2. c4 Nf6 3. Nc3 g6 4. Bg5 Bg7 5. e3 d6 6. Nf3 O-O 7. Bd3 Qe8 8. Bxf6
exf6 9. O-O a5 10. Nd5 Qd8 11. Rc1 c6 12. Nf4 Na6 13. Re1 c5 14. d5 Nc7 15. Qc2
Qe8 16. e4 fxe4 17. Rxe4 Qf7 18. Rce1 Re8 19. Rxe8+ Nxe8 20. Nxg6 f5 21. Ne7+
Kh8 22. Nxc8 Rxc8 23. Bxf5 Rb8 24. Bxh7 Qf4 25. Bg6 Nf6 26. b3 b5 27. Qf5 Qxf5
28. Bxf5 bxc4 29. bxc4 Rb4 30. Rb1 Rxc4 31. Rb8+ Bf8 32. h3 Kg7 33. Ng5 Be7 34.
Ne6+ Kf7 35. Nc7 a4 36. Be6+ Kg6 37. g4 Kg5 38. Kg2 Rc2 1/2-1/2

[Event "Klubbmesterskap 2004"]
[Site "Ski, Akershus NOR"]
[Date "2004.03.11"]
[Round "5"]
[White "Lea, Per"]
[Black "Simonsen, Steinar"]
[Result "1-0"]
[WhiteElo "1640"]
[BlackElo "1452"]
[PlyCount "85"]
[EventDate "2004.01.29"]

1. e4 e6 2. d4 d5 3. Nc3 Nf6 4. Bg5 Be7 5. e5 Nfd7 6. h4 c5 7. Bxe7 Qxe7 8. Nb5
O-O 9. Nc7 cxd4 10. Nxa8 Nc6 11. Nc7 f6 12. Nb5 fxe5 13. Qd2 Nc5 14. f3 a6 15.
Na3 e4 16. O-O-O e3 17. Qe1 e5 18. Be2 b5 19. Nh3 Nb4 20. Kb1 Nc6 21. Ka1 b4
22. Nb1 Bf5 23. Rc1 a5 24. g4 Bd7 25. Rf1 a4 26. Bb5 Rb8 27. Bxc6 Bxc6 28. f4
e4 29. f5 Bb5 30. Rf4 e2 31. g5 d3 32. f6 Qf7 33. fxg7 Qxg7 34. h5 a3 35. Rf6
axb2+ 36. Kxb2 e3 37. h6 Qe7 38. Qg3 Qe8 39. g6 Rb7 40. gxh7+ Kh8 41. Rg1 Kxh7
42. Ng5+ Kh8 43. h7 1-0

[Event "Klubbmesterskapet 2004 (B)"]
[Site "Ås, Akershus NOR"]
[Date "2004.03.11"]
[Round "5"]
[White "Høyer, Tor"]
[Black "Hestsveen, Magnus"]
[Result "0-1"]
[WhiteElo "1170"]
[BlackElo "955"]
[PlyCount "92"]

1. d4 d5 2. c4 e6 3. Nc3 Nf6 4. Bg5 Be7 5. Nf3 Nc6 6. e3 h6 7.
Bh4 O-O 8. Be2 Ne4 9. Bxe7 Qxe7 10. cxd5 Nxc3 11. bxc3 exd5 12. O-O Bf5 13. Re1
Rad8 14. Qd2 Qa3 15. Qc1 Qxc1 16. Raxc1 Rd6 17. Nd2 Rfd8 18. f3 Re8 19. Bb5 a6
20. Bxc6 Rxc6 21. e4 Rce6 22. e5 f6 23. Kf2 fxe5 24. Rxe5 Rxe5 25. dxe5 Rxe5
26. f4 Re7 27. h3 h5 28. Re1 Rxe1 29. Kxe1 Kf7 30. Ke2 c5 31. Ke3 Ke6 32. h4 g6
33. g3 Bg4 34. a3 Kd6 35. Nb3 b6 36. Kd2 c4 37. Nd4 Kc5 38. Nc2 a5 39. Ne3 Bf5
40. Nxf5 gxf5 41. g4 fxg4 42. f5 Kd6 43. Ke3 Ke5 44. f6 Kxf6 45. Kf4 b5 46. Ke3
Ke5 0-1

[Event "Klubbmesterskap 2004"]
[Site "Ski, Akershus NOR"]
[Date "2004.03.25"]
[Round "6"]
[White "Lea, Per"]
[Black "Lange, Holger"]
[Result "1/2-1/2"]
[WhiteElo "1640"]
[BlackElo "1884"]
[PlyCount "71"]
[EventDate "2004.01.29"]

1. e4 c5 2. Nf3 Nc6 3. d4 cxd4 4. Nxd4 Nf6 5. Nc3 d6 6. Bg5 e6 7. f4 Be7 8. Qd2
h6 9. Bxf6 Bxf6 10. Bb5 Qb6 11. O-O-O Bxd4 12. Qxd4 Qxd4 13. Rxd4 Ke7 14. Rd2
a6 15. Be2 b5 16. Rhd1 Rd8 17. Bf3 Bb7 18. g4 Rac8 19. a3 Na5 20. Re2 Nc4 21.
h4 Nxa3 22. Nd5+ exd5 23. exd5+ Kf8 24. bxa3 Rc3 25. Rd3 Rdc8 26. Red2 R3c4 27.
f5 Re8 28. Re2 Rc5 29. Rxe8+ Kxe8 30. Kd2 Ke7 31. g5 Rc4 32. Re3+ Kf8 33. Be4
Rd4+ 34. Kc3 Ra4 35. Kd2 Rc4 36. Kd3 1/2-1/2

[Event "Klubbmesterskap 2004"]
[Site "Ski, Akershus NOR"]
[Date "2004.03.25"]
[Round "6"]
[White "Furnes, Torstein"]
[Black "Høva, Frode"]
[Result "1-0"]
[WhiteElo "1539"]
[BlackElo "1547"]
[PlyCount "69"]
[EventDate "2004.01.29"]

1. d4 Nf6 2. c4 c5 3. d5 e6 4. dxe6 fxe6 5. Nc3 d5 6. cxd5 exd5 7. Bg5 Be7 8.
e3 O-O 9. Bxf6 Bxf6 10. Qxd5+ Qxd5 11. Nxd5 Bxb2 12. Rb1 Be5 13. Bc4 Be6 14.
Rxb7 Kh8 15. Re7 Bc3+ 16. Nxc3 Bxc4 17. Re5 Na6 18. Nge2 Nb4 19. O-O Nxa2 20.
Ra1 Rab8 21. Rxc5 Nxc3 22. Nxc3 Bd3 23. Rxa7 Rb2 24. Ra2 Rb3 25. Rd2 Bg6 26. h3
Bf7 27. Ne2 Rb1+ 28. Rc1 Rb7 29. Rdc2 Rbb8 30. Nd4 Kg8 31. Rc7 Bd5 32. Rd7 Bf7
33. Rcc7 Rbd8 34. Re7 Rc8 35. Rxf7 1-0

[Event "Klubbmesterskap 2004"]
[Site "Ski, Akershus NOR"]
[Date "2004.04.01"]
[Round "7"]
[White "Moberg, Jan Rune"]
[Black "Furnes, Torstein"]
[Result "1-0"]
[WhiteElo "1583"]
[BlackElo "1539"]
[PlyCount "105"]
[EventDate "2004.01.29"]

1. d4 d5 2. c4 e6 3. Nf3 Nf6 4. g3 Be7 5. Bg2 O-O 6. O-O c6 7. a4 Nbd7 8. Qc2
Re8 9. b3 Ne4 10. Nfd2 f5 11. Nc3 Ndf6 12. f3 Nxd2 13. Qxd2 Qb6 14. cxd5 Nxd5
15. e4 Nxc3 16. Qxc3 Bf6 17. Be3 Rd8 18. e5 Be7 19. d5 Qb4 20. Qxb4 Bxb4 21. d6
Bc3 22. f4 Bxa1 23. Rxa1 Bd7 24. b4 b6 25. a5 b5 26. Rc1 Rdc8 27. Kf2 Kf7 28.
Bf3 g6 29. g4 fxg4 30. Bxg4 Kg7 31. h4 Kf7 32. Bf3 Kg7 33. Bd4 Kf7 34. Bc5 Kg7
35. Rg1 Kh6 36. Be3 Kg7 37. h5 Be8 38. f5 exf5 39. e6 Rd8 40. d7 Bxd7 41. exd7
Rxd7 42. Bxc6 Rdd8 43. Bxa8 Rxa8 44. hxg6 hxg6 45. Rc1 a6 46. Rc6 Kf7 47. Kf3
Kg7 48. Kf4 Re8 49. Bd4+ Kh6 50. Be5 Ra8 51. Rc1 g5+ 52. Kxf5 Rf8+ 53. Bf6 1-0

[Event "Klubbmesterskap 2004"]
[Site "Ski, Akershus NOR"]
[Date "2004.04.01"]
[Round "7"]
[White "Hovland, Arne"]
[Black "Lea, Per"]
[Result "1/2-1/2"]
[WhiteElo "1562"]
[BlackElo "1640"]
[PlyCount "98"]
[EventDate "2004.01.29"]

1. e4 e5 2. Nf3 Nc6 3. Bb5 a6 4. Ba4 Nf6 5. d4 exd4 6. c3 Nxe4 7. Nxd4 Bc5 8.
O-O O-O 9. Qd3 Nf6 10. Bg5 Ne5 11. Qg3 d6 12. Bc2 Be6 13. Nd2 Bd5 14. Rae1 Re8
15. Ne4 Bxe4 16. Rxe4 Nxe4 17. Bxe4 f6 18. Bh6 Qd7 19. Nf5 Re7 20. Kh1 Kh8 21.
Nxe7 Qxe7 22. Bf4 c6 23. Qh4 g6 24. Bxe5 dxe5 25. Bxg6 Rg8 26. Be4 Rf8 27. Bf5
Rg8 28. Rd1 Rg7 29. Rd7 Qf8 30. Bxh7 Bxf2 31. Qh3 Rxd7 32. Bf5+ Kg8 33. Bxd7
Qd6 34. Be6+ Kf8 35. Qh6+ Ke8 36. Qg6+ Kd8 37. Qxf6+ Kc7 38. Qf7+ Kb8 39. Qxf2
Qxe6 40. a3 Kc7 41. Qd2 Qc4 42. Kg1 Qc5+ 43. Qf2 Qd5 44. h3 e4 45. Qd4 Qf5 46.
b4 Qf4 47. Qg7+ Kb6 48. Qd4+ Kc7 49. Qg7+ Kb6 1/2-1/2

[Event "Klubbmesterskap 2004"]
[Site "Ski, Akershus NOR"]
[Date "2004.04.22"]
[Round "8"]
[White "Simonsen, Steinar"]
[Black "Furnes, Torstein"]
[Result "0-1"]
[WhiteElo "1452"]
[BlackElo "1539"]
[PlyCount "46"]
[EventDate "2004.01.29"]

1. e4 c5 2. Nf3 Nc6 3. d4 cxd4 4. Nxd4 e5 5. Nb3 Nf6 6. Nc3 Bb4 7. Bd3 O-O 8.
Bd2 d6 9. a3 Bxc3 10. Bxc3 Bg4 11. f3 Be6 12. Qd2 Qb6 13. Na5 Nxa5 14. Bxa5
Qxb2 15. O-O Qd4+ 16. Kh1 Rac8 17. Rab1 b6 18. Bb4 Bc4 19. Bc3 Qc5 20. Bb4 Qc6
21. Bxc4 Qxc4 22. Qxd6 a5 23. Be1 Qxf1# 0-1

[Event "Klubbmesterskap 2004"]
[Site "Ski, Akershus NOR"]
[Date "2004.05.06"]
[Round "9"]
[White "Høva, Frode"]
[Black "Lea, Per"]
[Result "1/2-1/2"]
[WhiteElo "1547"]
[BlackElo "1640"]
[PlyCount "41"]
[EventDate "2004.01.29"]

1. d4 d5 2. Nf3 Nf6 3. c4 e6 4. cxd5 exd5 5. Nc3 Be7 6. Bg5 O-O 7. Qc2 c6 8. e3
Re8 9. Bd3 Nbd7 10. O-O Nf8 11. Rab1 Ne4 12. Bxe7 Qxe7 13. b4 Bf5 14. b5 Nxc3
15. Qxc3 Bxd3 16. Qxd3 Rac8 17. bxc6 bxc6 18. Rfc1 c5 19. dxc5 Rxc5 20. Rxc5
Qxc5 21. Rd1 1/2-1/2

[Event "Klubbmesterskap 2004"]
[Site "Ski, Akershus NOR"]
[Date "2004.05.06"]
[Round "9"]
[White "Furnes, Torstein"]
[Black "Lystad, Frank"]
[Result "1-0"]
[WhiteElo "1539"]
[BlackElo "1376"]
[PlyCount "97"]
[EventDate "2004.01.29"]

1. d4 d5 2. c4 e6 3. Nc3 Nf6 4. Bg5 Be7 5. e3 O-O 6. Nf3 a6 7. cxd5 exd5 8. Qb3
c6 9. Bd3 Nbd7 10. O-O h6 11. Bf4 Re8 12. h3 Nh5 13. Bh2 Nf8 14. Ne5 Bd6 15.
Rac1 Bxe5 16. Bxe5 Nd7 17. Bh2 Nhf6 18. Bb1 Nb6 19. Qc2 Nc4 20. Qe2 Nd6 21. g4
Nb5 22. Nxb5 axb5 23. Be5 Nh7 24. Qd3 g6 25. f4 f5 26. Qe2 Qh4 27. Qg2 fxg4 28.
Bxg6 Re7 29. hxg4 Qxg4 30. Qxg4 Bxg4 31. a3 Nf8 32. Bd3 Rf7 33. Rf2 h5 34. Rg2
Nd7 35. Be2 Nxe5 36. dxe5 Rg7 37. Bxg4 hxg4 38. Kf2 Kf7 39. Rcg1 Rag8 40. Ke2
Ke6 41. b4 Kf5 42. Kd3 Rh8 43. Kd4 b6 44. Rc1 Rg6 45. Ra1 g3 46. Rag1 Ra8 47.
Rxg3 Rxg3 48. Rxg3 Rxa3 49. e4+ 1-0

[Event "Høstturnering 2003"]
[Site "Ski, Akershus NOR"]
[Date "2003.09.18"]
[Round "1"]
[White "Ådnøy, Hallvard Voll"]
[Black "Furnes, Torstein"]
[Result "1/2-1/2"]
[WhiteElo "2213"]
[BlackElo "1494"]
[PlyCount "84"]
[EventDate "2003.09.18"]

1. e4 c5 2. Nf3 Nc6 3. d4 cxd4 4. Nxd4 e5 5. Nb5 d6 6. c4 Nf6 7. N1c3 a6 8. Na3
Be7 9. Be2 O-O 10. Be3 Be6 11. O-O Rc8 12. f3 Na5 13. Nd5 Bxd5 14. exd5 b6 15.
Qa4 Ra8 16. b4 Nb7 17. Qc6 Qd7 18. Bxb6 Rfc8 19. Qxd7 Nxd7 20. Be3 a5 21. b5
Nbc5 22. Rac1 Nb6 23. f4 Bf6 24. Nb1 exf4 25. Bxf4 Bd4+ 26. Kh1 Ne4 27. g3 g5
28. Bd2 Re8 29. Bh5 Re7 30. Rfe1 Nf2+ 31. Kg2 Rxe1 32. Rxe1 Nxc4 33. Bxg5 Ne5
34. Re2 Nfd3 35. Rd2 Rb8 36. a4 Rc8 37. Na3 Rc1 38. Rd1 Rc3 39. Nb1 Rc2+ 40.
Rd2 Rc1 41. Rd1 Rc2+ 42. Rd2 Rc1 1/2-1/2

[Event "Høstturnering 2003"]
[Site "Ski, Akershus NOR"]
[Date "2003.09.18"]
[Round "1"]
[White "Bakken, Svein-Erik"]
[Black "Lea, Per"]
[Result "0-1"]
[WhiteElo "1345"]
[BlackElo "1672"]
[PlyCount "70"]
[EventDate "2003.09.18"]

1. d4 d5 2. c4 e6 3. Nc3 Nf6 4. Bg5 Be7 5. e3 c6 6. Nf3 Nbd7 7. Bd3 dxc4 8.
Bxc4 Nd5 9. Bxe7 Qxe7 10. O-O O-O 11. a3 Nxc3 12. bxc3 e5 13. Qc2 Re8 14. e4 c5
15. d5 Nb6 16. Bb5 Rd8 17. c4 a6 18. Ba4 Nxa4 19. Qxa4 Bd7 20. Qc2 b5 21. cxb5
axb5 22. Qb2 f6 23. Nd2 Ra4 24. f3 Rda8 25. Rfe1 c4 26. Re3 Qc5 27. Kf2 Qd4 28.
Qc1 b4 29. Rb1 Rxa3 30. Nxc4 Rc3 31. Qb2 Rxc4 32. Qxd4 exd4 33. Reb3 Ra2+ 34.
Kg3 Rcc2 35. Rxb4 Rxg2+ 0-1

[Event "Høstturnering 2003"]
[Site "Ski, Akershus NOR"]
[Date "2003.09.25"]
[Round "2"]
[White "Lea, Per"]
[Black "Simonsen, Steinar"]
[Result "1/2-1/2"]
[WhiteElo "1672"]
[BlackElo "1552"]
[PlyCount "60"]
[EventDate "2003.09.18"]

1. e4 e6 2. d4 d5 3. Nc3 Bb4 4. e5 Ne7 5. Qg4 Nf5 6. Bg5 Qd7 7. Nge2 Nc6 8. Bd2
b6 9. a3 Be7 10. O-O-O h5 11. Qh3 Nfxd4 12. f4 Bb7 13. g4 Nxe2+ 14. Nxe2 O-O-O
15. gxh5 f6 16. Bc3 fxe5 17. fxe5 Bg5+ 18. Kb1 Qe8 19. Ng3 Bf4 20. Bb5 a6 21.
Bxc6 Bxc6 22. Rhf1 Bxg3 23. Qxg3 Rd7 24. Qg6 Qxg6 25. hxg6 Rxh2 26. Rf6 d4 27.
Rxd4 Rxd4 28. Bxd4 Be4 29. Rf2 Rxf2 30. Bxf2 Bxg6 1/2-1/2